| 000 | 00788nam a2200229 a 4500 | ||
|---|---|---|---|
| 005 | 20140310183406.0 | ||
| 008 | 121013s19uu xx 00 eng d | ||
| 020 | _a9780857021359 | ||
| 050 |
_aLB 1047.3 _b.B66 2012 |
||
| 100 | _aBooth, Andrew | ||
| 245 |
_aSystematic approaches to a successful literature review / _cAndrew Booth, Diana Papaioannou, Anthea Sutton. |
||
| 260 |
_aLondon, Uk : _bSAGE, _c2012. |
||
| 300 |
_a279 p. : _bill. ; _c23 cm. |
||
| 500 | _aIncludes bibliographical references and index. | ||
| 520 | _aA technologically up-to-date and accessible introductory guide to doing systematic reviews. | ||
| 650 | _aResearch | ||
| 650 | _aAcademic writing | ||
| 700 | _aPapaioannou, Diana | ||
| 700 | _aSutton, Anthea | ||
| 942 |
_cBK _2lcc _kFOR |
||
| 999 |
_c22405 _d22405 |
||